Le paure del sesso. L'impotenza, la menopausa, la violenza sessuale, prevenzione e terapia (Record n. 213640)
[ formato base ]
| 000 -LEADER | |
|---|---|
| fixed length control field | 01000nam a2200217Ia 4500 |
| 001 - CONTROL NUMBER | |
| control field | b3703-26154 [5173] |
| 003 - CONTROL NUMBER IDENTIFIER | |
| control field | IT-MiCISF |
| 008 - FIXED-LENGTH DATA ELEMENTS--GENERAL INFORMATION | |
| fixed length control field | 161014s9999||||xx |||||||||||||| ||und|| |
| 040 ## - CATALOGING SOURCE | |
| Original cataloging agency | IT-MiCISF |
| Transcribing agency | IT-MiCISF |
| 041 ## - LANGUAGE CODE | |
| Language code of text/sound track or separate title | it |
| 999 ## - SYSTEM CONTROL NUMBERS (KOHA) | |
| Koha Dewey Subclass [OBSOLETE] | si |
| 100 ## - MAIN ENTRY--PERSONAL NAME | |
| Personal name | Giommi Roberta (a cura di) |
| 245 #0 - TITLE STATEMENT | |
| Title | Le paure del sesso. L'impotenza, la menopausa, la violenza sessuale, prevenzione e terapia |
| Remainder of title | Atti del congresso dell'Istituto internazionale di sessuologia, Firenze, 1994 |
| 250 ## - EDITION STATEMENT | |
| Edition statement | 1a ed. |
| 260 ## - PUBLICATION, DISTRIBUTION, ETC. (IMPRINT) | |
| Place of publication, distribution, etc. | Tirrenia (PI) |
| Name of publisher, distributor, etc. | Edizioni del Cerro |
| Date of publication, distribution, etc. | 1995 |
| 300 ## - PHYSICAL DESCRIPTION | |
| Extent | pp. 583 |
| 500 ## - GENERAL NOTE | |
| General note | Maffei C., Orlandini A., Clerici S., Montorsi F., Isidori A., Clerici S., Natali A., Beretta G., Zanollo A., Saltarelli O., D'Ottavio G., De Ruvo E., Platone A., toscana C., etc.. / sessualità, problemi-sessualità, terapia, menopausa, abuso-sessuale, educazione-sessuale, anziani, adolescenza, scuola / |
| 650 ## - SUBJECT ADDED ENTRY--TOPICAL TERM | |
| Topical term or geographic name as entry element | sessualità |
| 700 ## - ADDED ENTRY--PERSONAL NAME | |
| Personal name | Perrotta Marcello (a cura di) |
| 942 ## - ADDED ENTRY ELEMENTS (KOHA) | |
| Koha item type | LIBRO |
| 957 ## - | |
| -- | 1 |
| 999 ## - SYSTEM CONTROL NUMBERS (KOHA) | |
| -- | 1 |
| Withdrawn status | Lost status | Damaged status | Not for loan | Home library | Current library | Date acquired | Total Checkouts | Full call number | Date last seen | Price effective from | Koha item type | Public note |
|---|---|---|---|---|---|---|---|---|---|---|---|---|
| Buone Condizioni | Not For Loan | CISF - Milano | CISF - Milano | 14/10/2016 | b3703-26154 [5173] | 14/10/2016 | 14/10/2016 | LIBRO | Data import 15.10.2016 / by Epidotti, Vaglietti |